• 首页
  • 本馆介绍
  • 公告通知
  • 最新文献
  • 馆藏检索
  • 电子资源
  • 读者导购
  • 参考咨询
  • 我的图书馆
  • 登录
  • 详细信息显示
  • 放入我的书架
  • 预约/预借图书
  • 作者相关作品
  • 分类相关作品
  • 丛书相关作品
  • 出版社相关作品

书目信息

  • 表格格式
  • 工作单格式
  • 卡片格式
题名:
新消费投资评论
    
 
作者: ;建投华文投资有限责任公司 编
分册: 2019年第二期(总第4期)  
出版信息: 北京   社会科学文献出版社  2020
页数: 100页
开本: 26cm
丛书名:
单 册:
中图分类: F126.1 , F832.48
科图分类:
主题词: 消费--xiao fei--关系--投资--研究--中国
电子资源:
ISBN: 978-7-5201-6259-3
000 01084nam0 2200265 450
001 2160535292
005 20210930165619.59
010    @a978-7-5201-6259-3@dCNY79.00
100    @a20200729d2020 em y0chiy0120 ea
101 0  @achi
102    @aCN@b110000
105    @aa z 000yy
106    @ar
200 1  @a新消费投资评论@Axin xiao fei tou zi ping lun@h2019年第二期(总第4期)@f建投华文投资有限责任公司主编
210    @a北京@c社会科学文献出版社@d2020
215    @a100页@c彩图@d26cm
312    @a英文共同题名:Consumption upgrade investment review
330    @a本书以“经济下行压力下的行业变革”为主题,梳理了国企混改、科创板等一系列重要政策,并在宏观和行业的双重视角下分析和做出2019年文化消费领域的投资现状及未来展望,关注相关细分市场发展的最新趋势。
510 1  @aConsumption upgrade investment review@zeng
606 0  @a消费@Axiao fei@x关系@x投资@x研究@y中国
690    @aF126.1@v5
690    @aF832.48@v5
711 02 @a建投华文投资有限责任公司@Ajian tou hua wen tou zi you xian ze ren gong si@4编
801  0 @aCN@b百万庄@c20210926
905    @b1301215-18@dF126.1@e388:4@f4
    
    新消费投资评论.2019年第二期(总第4期)/建投华文投资有限责任公司主编.-北京:社会科学文献出版社,2020
    100页:彩图;26cm
    
    
    ISBN 978-7-5201-6259-3:CNY79.00
    本书以“经济下行压力下的行业变革”为主题,梳理了国企混改、科创板等一系列重要政策,并在宏观和行业的双重视角下分析和做出2019年文化消费领域的投资现状及未来展望,关注相关细分市场发展的最新趋势。
●
相关链接 在E读中查询图书 在五车中查询图书 在当当中查询图书 在豆瓣中查询图书


正题名:新消费投资评论     索取号:F126.1/388:4         预约/预借

序号 登录号 条形码 馆藏地/架位号 状态 备注
1 1301215   213012158   第一样本阅览室/ [索取号:F126.1/388:4] 在馆    
2 1301216   213012167   第一借阅区/ [索取号:F126.1/388:4] 在馆    
3 1301217   213012176   第一借阅区/ [索取号:F126.1/388:4] 在馆    
4 1301218   213012185   第一借阅区/ [索取号:F126.1/388:4] 在馆    
唐山师范学院图书馆 欢迎您!
大连网信软件有限公司© 版权所有